100 Most Important African Cities According to ChatGPT - Statistics

General Stats
  • This quiz has been taken 244 times
  • The average score is 59 of 100
Answers on the Map
Answers color-coded by a green-red scale on the quiz's map according to % correct below.
 
Answer Stats
# City Country % Correct
1 Cairo Egypt
100%
6 Cape Town South Africa
97%
11 Alexandria Egypt
95%
2 Lagos Nigeria
95%
3 Johannesburg South Africa
94%
4 Nairobi Kenya
94%
16 Tunis Tunisia
93%
7 Addis Ababa Ethiopia
92%
5 Casablanca Morocco
92%
21 Algiers Algeria
91%
23 Rabat Morocco
91%
10 Kinshasa D.R. Congo
90%
9 Dakar Senegal
88%
12 Dar es Salaam Tanzania
88%
36 Khartoum Sudan
88%
14 Luanda Angola
88%
39 Mogadishu Somalia
88%
47 Tripoli Libya
88%
8 Accra Ghana
87%
22 Pretoria South Africa
86%
17 Abuja Nigeria
85%
33 Freetown Sierra Leone
84%
37 Brazzaville R. Congo
83%
78 Fes Morocco
83%
32 Windhoek Namibia
83%
40 Antananarivo Madagascar
82%
34 Bamako Mali
82%
70 Djibouti Djibouti
82%
64 Bissau Guinea-Bissau
81%
20 Harare Zimbabwe
81%
31 Kampala Uganda
81%
15 Kigali Rwanda
81%
19 Maputo Mozambique
80%
44 Marrakesh Morocco
80%
58 Monrovia Liberia
80%
13 Abidjan Ivory Coast
79%
29 Ouagadougou Burkina Faso
79%
27 Lusaka Zambia
78%
28 Yaounde Cameroon
78%
56 Conakry Guinea
77%
35 Libreville Gabon
77%
41 Niamey Niger
77%
38 N'Djamena Chad
76%
59 Dodoma Tanzania
75%
30 Gaborone Botswana
75%
26 Mombasa Kenya
74%
42 Kano Nigeria
73%
69 Nouakchott Mauritania
73%
67 Victoria Seychelles
73%
53 Asmara Eritrea
72%
63 Bangui CAR
71%
52 Lome Togo
71%
18 Port Louis Mauritius
69%
61 Banjul The Gambia
68%
24 Port Elizabeth South Africa
68%
51 Lilongwe Malawi
67%
50 Maseru Lesotho
67%
65 Yamoussoukro Ivory Coast
66%
94 Timbuktu Mali
65%
43 Douala Cameroon
63%
55 Mbabane Eswatini
63%
25 Ibadan Nigeria
62%
80 Moroni Comoros
62%
46 Port Harcourt Nigeria
61%
48 Zanzibar Tanzania
57%
95 Beni D.R. Congo
56%
62 Bujumbura Burundi
55%
57 Lubumbashi D.R. Congo
54%
60 Malabo E. Guinea
53%
45 Benin City Nigeria
48%
84 Agadir Morocco
47%
87 Aswan Egypt
47%
79 Pointe-Noire R. Congo
42%
68 Hargeisa Somalia
40%
49 Constantine Algeria
39%
54 Blantyre Malawi
36%
76 Kisangani D.R. Congo
32%
83 Goma D.R. Congo
30%
75 Kaduna Nigeria
27%
72 Zinder Niger
17%
73 Oujda Morocco
16%
74 Nampula Mozambique
15%
81 Port-Gentil Gabon
14%
85 Bouake Ivory Coast
13%
89 Cape Coast Ghana
12%
92 Mopti Mali
12%
71 Tindouf Algeria
12%
96 Oyo Nigeria
11%
86 Toamasina Madagascar
11%
66 Manzini Eswatini
10%
91 Kisumu Kenya
9%
100 Fianarantsoa Madagascar
8%
90 Adama Ethiopia
7%
77 Butembo D.R. Congo
7%
98 Nacala Mozambique
6%
97 Kolwezi D.R. Congo
5%
82 Mahajanga Madagascar
5%
93 Ouahigouya Burkina Faso
5%
99 Kalemie D.R. Congo
4%
88 Dzaoudzi Mayotte
3%
No matching quizzes found
Score Distribution
Percent of People with Each Score
Percentile by Number Answered
Your Score History
You have not taken this quiz